000 00444nam a2200193Ia 4500
008 151121s9999||||xx |||||||||||||| ||und||
082 _a823/Har
082 _bHNW-341
100 _aHarrison F।
245 _aNew canterbary tales
260 _bAuthor
260 _c--
300 _a317
600 _aHarrison F।
630 _aNew canterbary tales
700 _aHarrison F।
730 _aNew canterbary tales
942 _cBOOK
999 _c1209909
_d1209906